[Event "FIRST SATURDAY TOURNAMENTS Budapest FM A"]
[Site "Budapest"]
[Date "2011.07.02"]
[Round "1.1"]
[White "Darazs, Zoltan"]
[Black "Kantor, Reka"]
[Result "1-0"]
[WhiteElo "2133"]
[BlackElo "1965"]
[PlyCount "61"]
[EventDate "2011.07.02"]

1. e4 e5 2. Nf3 Nc6 3. Bb5 a6 4. Ba4 b5 5. Bb3 Nf6 6. d4 exd4 7. e5 Ne4 8. Bd5
Nc5 9. Nxd4 Bb7 10. Nxc6 Bxc6 11. Bxc6 dxc6 12. O-O Qxd1 13. Rxd1 Be7 14. Be3
O-O 15. Nc3 Rfd8 16. Kf1 Ne6 17. Ne4 c5 18. c3 h5 19. f4 g6 20. Ke2 Kg7 21. g3
c4 22. h3 Rxd1 23. Rxd1 Rd8 24. Rxd8 Bxd8 25. Nc5 Nxc5 26. Bxc5 c6 27. Kf3 Bc7
28. Ke4 Bd8 29. Kd4 Bc7 30. Ba7 Bd8 31. Kc5 1-0

[Event "FIRST SATURDAY TOURNAMENTS Budapest FM A"]
[Site "Budapest"]
[Date "2011.07.02"]
[Round "1.2"]
[White "Letay, Gyula"]
[Black "Winkler, Stefan"]
[Result "0-1"]
[WhiteElo "2020"]
[BlackElo "1864"]
[PlyCount "52"]
[EventDate "2011.07.02"]

1. e4 e6 2. Nf3 d5 3. Nc3 d4 4. Ne2 c5 5. d3 Nc6 6. g3 Nf6 7. Bg2 Be7 8. O-O
O-O 9. h3 b5 10. Nh2 Bb7 11. f4 Qb6 12. g4 c4 13. Kh1 Rac8 14. a3 a5 15. Ng3
cxd3 16. cxd3 b4 17. g5 Nd7 18. Ng4 f5 19. gxf6 Nxf6 20. Nxf6+ Rxf6 21. Nh5 Rg6
22. Bf3 Qb5 23. Bg4 Rf8 24. a4 Qa6 25. Qb3 Ne5 26. Be2 Bxe4+ 0-1

[Event "FIRST SATURDAY TOURNAMENTS Budapest FM A"]
[Site "Budapest"]
[Date "2011.07.02"]
[Round "1.3"]
[White "Farkas, Richard"]
[Black "Zala, Gyula"]
[Result "0-1"]
[WhiteElo "2039"]
[BlackElo "2021"]
[PlyCount "98"]
[EventDate "2011.07.02"]

1. e4 g6 2. d4 Bg7 3. c4 c5 4. d5 d6 5. Nf3 Nf6 6. Nc3 b5 7. cxb5 a6 8. Bd3 O-O
9. O-O axb5 10. Bxb5 Nbd7 11. Re1 Ng4 12. h3 Nge5 13. Nxe5 Nxe5 14. Be3 f5 15.
Qd2 fxe4 16. Nxe4 Bxh3 17. f4 Bd7 18. Bxd7 Nxd7 19. Ng5 Qb8 20. Ne6 Rf7 21.
Nxg7 Kxg7 22. Re2 Nf6 23. b3 Qc8 24. Rae1 Qf5 25. Rd1 Ng4 26. g3 Qh5 27. Rde1
Qh3 28. Rg2 Kg8 29. a4 Rf5 30. Qd1 Rh5 31. Kf1 Nf6 32. Bg1 Rxd5 33. Qe2 e5 34.
Qc4 exf4 35. gxf4 Rf8 36. Re3 Qf5 37. Rg5 Qb1+ 38. Kg2 Qd1 39. Bf2 Rf7 40. Re1
Qd2 41. Re2 Rxg5+ 42. fxg5 Qxg5+ 43. Kf1 Ng4 44. a5 Qf5 45. Re8+ Kg7 46. Qc3+
Ne5 47. Qb2 Qh3+ 48. Ke1 Qh1+ 49. Ke2 Rxf2+ 0-1

[Event "FIRST SATURDAY TOURNAMENTS Budapest FM A"]
[Site "Budapest"]
[Date "2011.07.02"]
[Round "1.4"]
[White "Tran, Minh Thang"]
[Black "Borda, Lajos"]
[Result "0-1"]
[WhiteElo "2092"]
[BlackElo "2130"]
[PlyCount "82"]
[EventDate "2011.07.02"]

1. d4 Nf6 2. Bf4 Nh5 3. Bg5 h6 4. Bh4 Nf6 5. e3 e6 6. Bd3 c5 7. c3 Nc6 8. Nf3
d6 9. h3 Be7 10. O-O Nh5 11. Bxe7 Qxe7 12. Nbd2 O-O 13. a4 Bd7 14. Nc4 cxd4 15.
Nxd4 g6 16. Be2 d5 17. Nxc6 Bxc6 18. Ne5 Nf6 19. Qd4 Nd7 20. f4 Nc5 21. Bd1 Ne4
22. Bc2 Ng3 23. Rf2 Kh7 24. Kh2 Nf5 25. Bxf5 gxf5 26. g4 Rg8 27. Rg1 f6 28. Nf3
Rae8 29. Qd3 Kh8 30. gxf5 Rxg1 31. Kxg1 Rg8+ 32. Kh2 Qg7 33. Qf1 Qg3+ 34. Kh1
d4 35. cxd4 exf5 36. b3 Re8 37. Qg2 Qxg2+ 38. Kxg2 Rxe3 39. b4 Kg7 40. b5 Be4
41. a5 Kf7 0-1

[Event "FIRST SATURDAY TOURNAMENTS Budapest FM A"]
[Site "Budapest"]
[Date "2011.07.02"]
[Round "1.5"]
[White "Juracsik, Jozsef"]
[Black "Kis, Bela"]
[Result "1-0"]
[WhiteElo "2193"]
[BlackElo "2058"]
[PlyCount "59"]
[EventDate "2011.07.02"]

1. e4 e5 2. Nf3 Nc6 3. Nc3 g6 4. Bc4 Bg7 5. a3 d6 6. d3 Nf6 7. h3 O-O 8. Bg5 h6
9. Be3 Be6 10. Qd2 Bxc4 11. dxc4 Kh7 12. g4 Nd7 13. O-O-O Nc5 14. h4 Ne6 15.
Ne2 Ned4 16. Nexd4 exd4 17. Nxd4 Ne5 18. Qe2 Nd7 19. h5 Qf6 20. c3 Nc5 21. g5
Qe7 22. f3 Ne6 23. Rdg1 Nxd4 24. Bxd4 Be5 25. hxg6+ fxg6 26. Rxh6+ Kg7 27. Qh2
Rh8 28. Qh4 Kf7 29. Rh7+ Rxh7 30. Qxh7+ 1-0

[Event "FIRST SATURDAY TOURNAMENTS Budapest FM A"]
[Site "Budapest"]
[Date "2011.07.02"]
[Round "1.6"]
[White "Gulyas, Attila"]
[Black "Somogyi, Gabor"]
[Result "1-0"]
[WhiteElo "2038"]
[BlackElo "1995"]
[PlyCount "89"]
[EventDate "2011.07.02"]

1. e4 e6 2. d4 d5 3. Nc3 dxe4 4. Nxe4 Nf6 5. Nxf6+ Qxf6 6. Nf3 h6 7. Be3 Bd7 8.
Qd2 Nc6 9. Be2 Bd6 10. a3 Ne7 11. Ne5 O-O-O 12. Qa5 Kb8 13. Nxd7+ Rxd7 14. Bf3
Nd5 15. O-O-O Qf5 16. Qb5 c6 17. Qb3 Re8 18. c4 Nxe3 19. fxe3 Rc7 20. c5 Be7
21. Rhf1 Qg6 22. g3 Bf6 23. Qc4 Rd8 24. Rd3 Qg5 25. Kb1 Qg6 26. Ka2 Qg5 27.
Rfd1 Be7 28. e4 Qf6 29. Rb3 Qg5 30. e5 Bf8 31. Qa4 Rdd7 32. Bxc6 Rd8 33. Bf3 h5
34. Qa5 Rdc8 35. Qa6 Qe7 36. Rdd3 Ka8 37. Rb4 Rc6 38. Bxc6 Rxc6 39. Qb5 a6 40.
Qc4 b5 41. Qb3 Rc7 42. a4 Ra7 43. Qc2 Qb7 44. Ra3 Qc6 45. Qb3 1-0

[Event "FIRST SATURDAY TOURNAMENTS Budapest FM A"]
[Site "Budapest"]
[Date "2011.07.03"]
[Round "2.1"]
[White "Kantor, Reka"]
[Black "Somogyi, Gabor"]
[Result "1-0"]
[WhiteElo "1965"]
[BlackElo "1995"]
[PlyCount "59"]
[EventDate "2011.07.02"]

1. e4 c6 2. d4 d5 3. e5 Bf5 4. Nf3 e6 5. Be2 Nd7 6. O-O Ne7 7. Re1 c5 8. c3 Nc6
9. a3 Rc8 10. Be3 cxd4 11. cxd4 Na5 12. Nc3 Nc4 13. Bxc4 Rxc4 14. Nd2 Rc8 15.
Rc1 Be7 16. Qe2 a6 17. Kh1 O-O 18. g4 Bg6 19. f4 Nb6 20. Rf1 h6 21. f5 Bh7 22.
f6 gxf6 23. Bxh6 Re8 24. exf6 Bf8 25. Bxf8 Rxf8 26. g5 Nc4 27. Nxc4 dxc4 28.
Rf4 Qa5 29. Qh5 Kh8 30. d5 1-0

[Event "FIRST SATURDAY TOURNAMENTS Budapest FM A"]
[Site "Budapest"]
[Date "2011.07.03"]
[Round "2.2"]
[White "Kis, Bela"]
[Black "Gulyas, Attila"]
[Result "1-0"]
[WhiteElo "2058"]
[BlackElo "2038"]
[PlyCount "71"]
[EventDate "2011.07.02"]

1. e4 c6 2. d4 d5 3. exd5 cxd5 4. c4 Nf6 5. Nc3 Nc6 6. Nf3 Bg4 7. cxd5 Nxd5 8.
Be2 e6 9. Be3 Bb4 10. Qd3 Qa5 11. Rc1 Bxc3+ 12. bxc3 Qxa2 13. O-O Qa5 14. Bd2
Bf5 15. Qc4 O-O 16. Qb3 Qb6 17. Qa3 h6 18. Rfd1 Rfd8 19. c4 Nf6 20. Bc3 Ne4 21.
Ba1 Rac8 22. Rb1 Qc7 23. d5 Na5 24. Nd4 Qc5 25. Qe3 Nxc4 26. Bxc4 Qxc4 27. dxe6
fxe6 28. Rxb7 e5 29. Rxg7+ Kxg7 30. Nxf5+ Kf7 31. Re1 Nf6 32. Qxe5 Qc6 33. Qe7+
Kg6 34. Nh4+ Kg5 35. Bxf6+ Qxf6 36. f4+ 1-0

[Event "FIRST SATURDAY TOURNAMENTS Budapest FM A"]
[Site "Budapest"]
[Date "2011.07.03"]
[Round "2.3"]
[White "Borda, Lajos"]
[Black "Juracsik, Jozsef"]
[Result "1/2-1/2"]
[WhiteElo "2130"]
[BlackElo "2193"]
[PlyCount "53"]
[EventDate "2011.07.02"]

1. e4 c5 2. Nf3 e6 3. h3 d5 4. exd5 exd5 5. d4 Nc6 6. Be3 cxd4 7. Nxd4 Nf6 8.
Bd3 Bd6 9. Nd2 Nxd4 10. Bxd4 Qe7+ 11. Qe2 Qxe2+ 12. Kxe2 O-O 13. Rae1 Nh5 14.
g3 Bd7 15. Kf3 b6 16. Kg2 Rfe8 17. Nf3 f6 18. c3 g6 19. Rxe8+ Rxe8 20. Re1 Kf7
21. Rxe8 Kxe8 22. Ne1 Kf7 23. Be2 Ng7 24. Bf3 Be6 25. Nc2 Nf5 26. Ne3 Nxe3+ 27.
Bxe3 1/2-1/2

[Event "FIRST SATURDAY TOURNAMENTS Budapest FM A"]
[Site "Budapest"]
[Date "2011.07.03"]
[Round "2.4"]
[White "Zala, Gyula"]
[Black "Tran, Minh Thang"]
[Result "0-1"]
[WhiteElo "2021"]
[BlackElo "2092"]
[PlyCount "70"]
[EventDate "2011.07.02"]

1. e4 e6 2. a3 d5 3. e5 c5 4. b4 Nc6 5. f4 cxb4 6. axb4 Bxb4 7. c3 Be7 8. d4
Nh6 9. Nf3 Bd7 10. Bd3 a6 11. O-O O-O 12. Ng5 g6 13. g4 f6 14. exf6 Bxf6 15. h4
Nf7 16. Ra2 b5 17. Rh2 Nxg5 18. hxg5 Bh8 19. Rf3 Ra7 20. Rfh3 Be8 21. Rh6 Bg7
22. R6h4 b4 23. Kh1 Bh8 24. f5 exf5 25. gxf5 gxf5 26. cxb4 Bg6 27. b5 axb5 28.
Bxb5 Qb6 29. Qb3 Nxd4 30. Rxd4 Qxd4 31. Bc6 Qe4+ 32. Rg2 Qh4+ 33. Kg1 Qe1+ 34.
Kh2 Be5+ 35. Rg3 Qxg3+ 0-1

[Event "FIRST SATURDAY TOURNAMENTS Budapest FM A"]
[Site "Budapest"]
[Date "2011.07.03"]
[Round "2.6"]
[White "Darazs, Zoltan"]
[Black "Letay, Gyula"]
[Result "1/2-1/2"]
[WhiteElo "2133"]
[BlackElo "2020"]
[PlyCount "141"]
[EventDate "2011.07.02"]

1. e4 c5 2. Nf3 d6 3. d4 cxd4 4. Nxd4 Nf6 5. Nc3 a6 6. Be2 e5 7. Nb3 Be6 8. O-O
Qc7 9. f4 Nbd7 10. f5 Bc4 11. Be3 Bxe2 12. Qxe2 b5 13. a3 Be7 14. g4 h6 15.
Rad1 Nb6 16. Bxb6 Qxb6+ 17. Kg2 Rc8 18. Nd5 Qc6 19. c3 Qc4 20. Qxc4 bxc4 21.
Nxf6+ Bxf6 22. Nd2 O-O 23. Nf3 Be7 24. h4 f6 25. Kg3 Rc5 26. Rd2 Rd8 27. Rfd1
Rb8 28. Rc2 Rcb5 29. Rdd2 d5 30. exd5 Rd8 31. Kf2 Rbxd5 32. Rxd5 Rxd5 33. Rd2
Rb5 34. Ke3 Kf7 35. Ke4 Ke8 36. Ne1 Bd8 37. Nf3 Be7 38. Rg2 Kd7 39. g5 hxg5 40.
hxg5 Kc6 41. gxf6 Bxf6 42. Rd2 Rc5 43. a4 Ra5 44. Rg2 Rc5 45. Nd2 Kb6 46. Rg4
Kc6 47. Rg3 Kb6 48. Rg1 Rc8 49. Nf3 Ka5 50. Ra1 Rb8 51. Nd2 Kb6 52. Nxc4+ Kc5
53. Ne3 Rxb2 54. Rd1 Rh2 55. Rd5+ Kc6 56. Ra5 Rh4+ 57. Kd3 Kb7 58. Nd5 Bd8 59.
Rc5 Rxa4 60. Nb4 e4+ 61. Kc4 Bf6 62. Kb3 Ra1 63. Nd5 Rb1+ 64. Kc4 Rf1 65. Nxf6
gxf6 66. Kd4 Re1 67. Ra5 e3 68. Kd3 Kb6 69. Ra4 Rf1 70. Rb4+ Kc5 71. Ra4
1/2-1/2

[Event "FIRST SATURDAY TOURNAMENTS Budapest FM A"]
[Site "Budapest"]
[Date "2011.07.04"]
[Round "3.1"]
[White "Letay, Gyula"]
[Black "Kantor, Reka"]
[Result "1-0"]
[WhiteElo "2020"]
[BlackElo "1965"]
[PlyCount "58"]
[EventDate "2011.07.02"]

1. Nf3 d5 2. d3 c5 3. g3 Nc6 4. Nbd2 e5 5. e4 d4 6. Bg2 Bd6 7. h3 Nge7 8. O-O
O-O 9. a3 h6 10. Qe2 Be6 11. c3 Rc8 12. Nh2 b5 13. f4 exf4 14. gxf4 f5 15. e5
Bc7 16. Ndf3 Bb6 17. Kh1 Na5 18. Bd2 Nb3 19. Rad1 c4 20. Nxd4 Nxd4 21. cxd4
cxd3 22. Qe1 Bxd4 23. Bb4 Bc4 24. b3 d2 25. Rxd2 Bxf1 26. Nxf1 a5 27. Bxe7 Qxe7
28. Rxd4 Qxa3 29. Rd7 Rfd8 1-0

[Event "FIRST SATURDAY TOURNAMENTS Budapest FM A"]
[Site "Budapest"]
[Date "2011.07.04"]
[Round "3.2"]
[White "Farkas, Richard"]
[Black "Darazs, Zoltan"]
[Result "0-1"]
[WhiteElo "2039"]
[BlackElo "2133"]
[PlyCount "108"]
[EventDate "2011.07.02"]

1. d4 Nf6 2. c4 g6 3. Nf3 Bg7 4. g3 O-O 5. Bg2 d6 6. O-O Nc6 7. Nc3 a6 8. e4 e5
9. dxe5 Nxe5 10. Nxe5 dxe5 11. Qxd8 Rxd8 12. Bg5 c6 13. Rad1 Be6 14. b3 b5 15.
c5 h6 16. Bc1 a5 17. Rxd8+ Rxd8 18. Rd1 Rxd1+ 19. Nxd1 Nd7 20. Bd2 b4 21. Be3
Bf8 22. Nb2 Nxc5 23. Bxc5 Bxc5 24. Bf1 Bb6 25. Nc4 Bc7 26. f3 Kg7 27. Kf2 f5
28. Ke3 Kf6 29. Bd3 h5 30. Be2 f4+ 31. Kf2 g5 32. Bf1 Ke7 33. Ke1 fxg3 34. hxg3
h4 35. g4 Bxc4 36. Bxc4 Kd6 37. Kd2 Kc5 38. Ke3 h3 39. Bf1 h2 40. Bg2 Kb5 41.
Bf1+ Kc5 42. Bg2 Bb6 43. Kd3 Kb5 44. Kd2 c5 45. Kd3 c4+ 46. bxc4+ Ka4 47. f4
exf4 48. e5 Ka3 49. e6 Bc5 50. Ke4 b3 51. axb3 Kxb3 52. Kd5 Kb4 53. Ke4 a4 54.
Kd3 Kb3 0-1

[Event "FIRST SATURDAY TOURNAMENTS Budapest FM A"]
[Site "Budapest"]
[Date "2011.07.04"]
[Round "3.3"]
[White "Tran, Minh Thang"]
[Black "Winkler, Stefan"]
[Result "1-0"]
[WhiteElo "2092"]
[BlackElo "1864"]
[PlyCount "133"]
[EventDate "2011.07.02"]

1. d4 Nf6 2. Bf4 g6 3. e3 Bg7 4. Nf3 d6 5. Be2 O-O 6. O-O Nc6 7. c4 Nh5 8. Bg5
h6 9. Bh4 g5 10. Nfd2 Nf6 11. Bg3 e5 12. d5 Ne7 13. Nc3 Bf5 14. f4 exf4 15.
exf4 g4 16. Nb3 c6 17. Bh4 h5 18. Qd2 Re8 19. Rae1 Ng6 20. Bf2 c5 21. Be3 Qd7
22. Bd3 Nh4 23. Rf2 Re7 24. Rfe2 Rae8 25. Bf2 Rxe2 26. Rxe2 Rxe2 27. Qxe2 Bxd3
28. Qxd3 Nf5 29. Nd1 b6 30. Ne3 Nxe3 31. Bxe3 Qe7 32. Nd2 Qe8 33. b3 b5 34. g3
b4 35. Kf2 Qe7 36. Qf5 Bh6 37. Ke2 Bg7 38. Kd3 Bh6 39. Nf1 Bg7 40. Bd2 Bh6 41.
Ne3 Bg7 42. Bc1 Qd7 43. Bb2 Qe7 44. Bxf6 Qxf6 45. Qxf6 Bxf6 46. Nf5 Kf8 47.
Nxd6 Bd4 48. Nf5 Bg1 49. Ke2 h4 50. Kf1 Bxh2 51. Kg2 Bxg3 52. Nxg3 hxg3 53. f5
Ke7 54. Kxg3 Kd6 55. Kxg4 Ke5 56. Kg5 a6 57. d6 Kxd6 58. Kf6 a5 59. Kxf7 Ke5
60. f6 Kd4 61. Ke6 Kc3 62. f7 Kb2 63. f8=Q Kxa2 64. Qf3 a4 65. bxa4 b3 66. Kd5
b2 67. Qd3 1-0

[Event "FIRST SATURDAY TOURNAMENTS Budapest FM A"]
[Site "Budapest"]
[Date "2011.07.04"]
[Round "3.5"]
[White "Gulyas, Attila"]
[Black "Borda, Lajos"]
[Result "1-0"]
[WhiteElo "2038"]
[BlackElo "2130"]
[PlyCount "81"]
[EventDate "2011.07.02"]

1. e4 c5 2. d4 cxd4 3. c3 Nf6 4. Bd3 Nc6 5. Nf3 dxc3 6. Nxc3 d6 7. h3 e6 8. O-O
Be7 9. Qe2 O-O 10. Rd1 Qc7 11. Bf4 e5 12. Bg5 Be6 13. Rac1 h6 14. Bxf6 Bxf6 15.
Nd5 Qd8 16. Nxf6+ Qxf6 17. Bb5 Rac8 18. Bxc6 Rxc6 19. Rxc6 bxc6 20. Rxd6 Rc8
21. Qa6 c5 22. Qxa7 Qf4 23. Nd2 Qg5 24. Qa3 Qe7 25. Qa6 Rc7 26. a3 c4 27. Rc6
Qd7 28. Rxc7 Qxd2 29. Qb6 Qe1+ 30. Kh2 Qxe4 31. Qe3 Qc2 32. Rc5 f6 33. Rb5 Bf5
34. Rb8+ Kh7 35. Rd8 Qxb2 36. g4 Bg6 37. Rd7 h5 38. Qa7 e4 39. Qd4 Qxd4 40.
Rxd4 c3 41. Rc4 1-0

[Event "FIRST SATURDAY TOURNAMENTS Budapest FM A"]
[Site "Budapest"]
[Date "2011.07.04"]
[Round "3.6"]
[White "Somogyi, Gabor"]
[Black "Kis, Bela"]
[Result "0-1"]
[WhiteElo "1995"]
[BlackElo "2058"]
[PlyCount "76"]
[EventDate "2011.07.02"]

1. d4 d5 2. Nf3 e6 3. c4 c5 4. Nc3 Nf6 5. cxd5 exd5 6. Bg5 Be6 7. g3 Nc6 8. Bg2
cxd4 9. Nxd4 Be7 10. O-O h6 11. Nxe6 fxe6 12. Bxf6 Bxf6 13. e4 d4 14. Qh5+ Ke7
15. Ne2 Qa5 16. Nf4 Qxh5 17. Nxh5 Rhd8 18. f4 e5 19. fxe5 Bxe5 20. Nf4 Kd6 21.
Nd3 Rf8 22. Rad1 Rf6 23. Rf5 Rxf5 24. exf5 Rf8 25. g4 h5 26. h3 Bg3 27. Rf1
hxg4 28. hxg4 Bh4 29. Nf4 Bg5 30. Ng6 Re8 31. Kf2 Nb4 32. Rd1 Be3+ 33. Kf1 Nxa2
34. Bxb7 Rb8 35. Ra1 Rxb7 36. Rxa2 Kd5 37. Ke2 Ke4 38. Nh4 Rc7 0-1

[Event "FIRST SATURDAY TOURNAMENTS Budapest FM A"]
[Site "Budapest"]
[Date "2011.07.05"]
[Round "4.1"]
[White "Kantor, Reka"]
[Black "Kis, Bela"]
[Result "1/2-1/2"]
[WhiteElo "1965"]
[BlackElo "2058"]
[PlyCount "54"]
[EventDate "2011.07.02"]

1. e4 e5 2. Nf3 Nc6 3. Bb5 a6 4. Ba4 Nf6 5. O-O Nxe4 6. d4 b5 7. Bb3 d5 8. dxe5
Be6 9. c3 Bc5 10. Nbd2 O-O 11. Bc2 f5 12. Nb3 Bb6 13. Nbd4 Nxd4 14. Nxd4 Bxd4
15. cxd4 f4 16. f3 Ng3 17. Re1 Qh4 18. b3 g5 19. Qd2 Nh5 20. Ba3 Rf7 21. Qf2
Qxf2+ 22. Kxf2 Ng7 23. Rac1 Bd7 24. Bd3 Ne6 25. Bc5 Kg7 26. a3 h5 27. h3 Rh8
1/2-1/2

[Event "FIRST SATURDAY TOURNAMENTS Budapest FM A"]
[Site "Budapest"]
[Date "2011.07.05"]
[Round "4.2"]
[White "Borda, Lajos"]
[Black "Somogyi, Gabor"]
[Result "1-0"]
[WhiteElo "2130"]
[BlackElo "1995"]
[PlyCount "57"]
[EventDate "2011.07.02"]

1. e4 e6 2. d4 d5 3. e5 c5 4. c3 Nc6 5. Nf3 Bd7 6. dxc5 Bxc5 7. Bd3 Nge7 8. Bf4
Qb6 9. Qe2 Ng6 10. Bg3 a5 11. a4 Rc8 12. O-O O-O 13. h4 f5 14. h5 Nh8 15. Bf4
Nf7 16. Na3 Nb8 17. Nb5 Bxb5 18. axb5 Nd7 19. Ra4 Qc7 20. Rfa1 Bb6 21. Bxf5 Nc5
22. Bc2 Nxa4 23. Qd3 g6 24. Rxa4 Nh8 25. Ng5 Qe7 26. Qg3 Rc4 27. Rxc4 dxc4 28.
Ne4 Rf7 29. Bg5 1-0

[Event "FIRST SATURDAY TOURNAMENTS Budapest FM A"]
[Site "Budapest"]
[Date "2011.07.05"]
[Round "4.3"]
[White "Zala, Gyula"]
[Black "Gulyas, Attila"]
[Result "1-0"]
[WhiteElo "2021"]
[BlackElo "2038"]
[PlyCount "83"]
[EventDate "2011.07.02"]

1. d3 Nf6 2. g3 d5 3. Bg2 e5 4. Nd2 Bd6 5. c4 d4 6. Ngf3 O-O 7. O-O c5 8. b4
Nc6 9. a3 Bg4 10. Ng5 cxb4 11. Nge4 Nxe4 12. Nxe4 Be7 13. axb4 Nxb4 14. f4 f6
15. Bd2 a5 16. h3 Bd7 17. Qb3 Be6 18. fxe5 fxe5 19. Rxf8+ Kxf8 20. Nf2 Rb8 21.
Ng4 Qc7 22. Be4 Kg8 23. Qa4 b6 24. Qb5 Bd6 25. Bxb4 axb4 26. Bd5 Qe7 27. Ra6
Bxd5 28. Qxd5+ Kh8 29. Nf2 Qb7 30. Qxd6 Re8 31. Rxb6 Qa7 32. Qxb4 h6 33. Rb7
Qa8 34. c5 Qc8 35. c6 Qxc6 36. Rb8 Qc1+ 37. Kg2 Qc6+ 38. Kh2 Kh7 39. Rxe8 Qxe8
40. Qb7 Qh5 41. Qe4+ Kg8 42. Ng4 1-0

[Event "FIRST SATURDAY TOURNAMENTS Budapest FM A"]
[Site "Budapest"]
[Date "2011.07.05"]
[Round "4.4"]
[White "Winkler, Stefan"]
[Black "Juracsik, Jozsef"]
[Result "0-1"]
[WhiteElo "1864"]
[BlackElo "2193"]
[PlyCount "44"]
[EventDate "2011.07.02"]

1. e4 c5 2. Nf3 d6 3. d4 cxd4 4. Nxd4 Nf6 5. Nc3 a6 6. Bc4 e6 7. Bb3 Be7 8. Qf3
O-O 9. Qg3 b5 10. Bh6 Ne8 11. h4 Kh8 12. Bg5 Nf6 13. O-O-O b4 14. Nce2 Nxe4 15.
Qf3 Bb7 16. Be3 Nc5 17. Qg4 Nbd7 18. Nf4 Nf6 19. Qh3 e5 20. Bxf7 exf4 21. Bxf4
Rxf7 22. Rhe1 Nfe4 0-1

[Event "FIRST SATURDAY TOURNAMENTS Budapest FM A"]
[Site "Budapest"]
[Date "2011.07.05"]
[Round "4.5"]
[White "Darazs, Zoltan"]
[Black "Tran, Minh Thang"]
[Result "0-1"]
[WhiteElo "2133"]
[BlackElo "2092"]
[PlyCount "98"]
[EventDate "2011.07.02"]

1. e4 e6 2. d4 d5 3. Nc3 Bb4 4. e5 c5 5. a3 Bxc3+ 6. bxc3 Qa5 7. Bd2 Qa4 8. Nf3
b6 9. Be2 Ba6 10. O-O Ne7 11. Bg5 Nbc6 12. Re1 Bxe2 13. Rxe2 Qc4 14. Bxe7 Nxe7
15. Qd3 cxd4 16. Nxd4 Rc8 17. Nb5 O-O 18. Nxa7 Rc5 19. Rb1 Qxd3 20. cxd3 Rxc3
21. Nb5 Rxd3 22. g3 Nc6 23. a4 Ra8 24. Nc7 Rxa4 25. Rxb6 Rc4 26. Ne8 g5 27. Nd6
Rc1+ 28. Kg2 g4 29. h3 h5 30. hxg4 hxg4 31. Ne8 f5 32. exf6 Rdd1 33. f4 gxf3+
34. Kxf3 Nd4+ 35. Ke3 Nxe2 36. Nd6 Nxg3 37. Rb8+ Kh7 38. f7 Rf1 39. f8=Q Rxf8
40. Rxf8 Kg7 41. Rf4 Rc3+ 42. Kd2 Rc6 43. Ne8+ Kg6 44. Rf6+ Kg5 45. Rf7 Nf5 46.
Nc7 Kf4 47. Rd7 d4 48. Nb5 e5 49. Rd8 Rc5 0-1

[Event "FIRST SATURDAY TOURNAMENTS Budapest FM A"]
[Site "Budapest"]
[Date "2011.07.05"]
[Round "4.6"]
[White "Letay, Gyula"]
[Black "Farkas, Richard"]
[Result "1/2-1/2"]
[WhiteElo "2020"]
[BlackElo "2039"]
[PlyCount "156"]
[EventDate "2011.07.02"]

1. e4 c5 2. Nc3 Nc6 3. g3 g6 4. Bg2 d6 5. d3 Bg7 6. Be3 e6 7. Nge2 Nd4 8. O-O
Rb8 9. Nc1 b5 10. Qd2 Ne7 11. Nd1 Qb6 12. c3 Ndc6 13. Bh6 O-O 14. Bxg7 Kxg7 15.
Ne3 f5 16. f4 Rd8 17. Ne2 d5 18. exd5 exd5 19. d4 cxd4 20. Nxd4 Nxd4 21. cxd4
Be6 22. Rfe1 Ng8 23. Kh1 Nf6 24. a3 Rd6 25. Rad1 Rbd8 26. Nc2 Ne4 27. Qe3 a5
28. Re2 Bc8 29. Ne1 b4 30. Rc1 Ba6 31. Rec2 Bc4 32. b3 Ba6 33. axb4 Qxb4 34.
Nf3 Rb8 35. Rc7+ Kg8 36. Ng5 Qxb3 37. Qxb3 Rxb3 38. Bxe4 dxe4 39. Rxh7 Rxd4 40.
Re7 Bc4 41. Re8+ Kg7 42. Ne6+ Bxe6 43. Rxe6 Rd2 44. g4 fxg4 45. Rxe4 Rbb2 46.
Ra4 Rxh2+ 47. Kg1 Rhg2+ 48. Kh1 Ra2 49. Rxa5 Kh6 50. Rxa2 Rxa2 51. Rc8 Rf2 52.
Rh8+ Kg7 53. Rb8 Rxf4 54. Kg2 Kh6 55. Rh8+ Kg5 56. Rb8 Rf5 57. Kg3 Rf3+ 58. Kg2
Ra3 59. Rb7 g3 60. Rb4 Kh5 61. Rb8 g5 62. Rb4 Rd3 63. Ra4 Rb3 64. Rc4 Ra3 65.
Rb4 Kg6 66. Rb6+ Kf5 67. Rb5+ Kg4 68. Rb4+ Kh5 69. Rc4 Re3 70. Rb4 Ra3 71. Rc4
Kg6 72. Rc6+ Kh5 73. Rc4 g4 74. Rc8 Kg5 75. Rg8+ Kf5 76. Rf8+ Ke6 77. Rg8 Ra2+
78. Kxg3 Ra1 1/2-1/2

[Event "FIRST SATURDAY TOURNAMENTS Budapest FM A"]
[Site "Budapest"]
[Date "2011.07.06"]
[Round "5.1"]
[White "Farkas, Richard"]
[Black "Kantor, Reka"]
[Result "1-0"]
[WhiteElo "2039"]
[BlackElo "1965"]
[PlyCount "41"]
[EventDate "2011.07.02"]

1. e4 e5 2. Nf3 Nc6 3. Bb5 a6 4. Bxc6 dxc6 5. O-O f6 6. d4 exd4 7. Nxd4 c5 8.
Nb3 Qxd1 9. Rxd1 Bd6 10. Nc3 Ne7 11. Be3 b6 12. Na4 Rb8 13. c4 Be6 14. Nd2 O-O
15. Nc3 Rfd8 16. f4 Nc6 17. Nd5 Nd4 18. Bxd4 cxd4 19. e5 fxe5 20. fxe5 Bxe5 21.
Ne7+ 1-0

[Event "FIRST SATURDAY TOURNAMENTS Budapest FM A"]
[Site "Budapest"]
[Date "2011.07.06"]
[Round "5.2"]
[White "Tran, Minh Thang"]
[Black "Letay, Gyula"]
[Result "1-0"]
[WhiteElo "2092"]
[BlackElo "2020"]
[PlyCount "131"]
[EventDate "2011.07.02"]

1. d4 Nf6 2. Bf4 g6 3. e3 d6 4. Nf3 Bg7 5. Be2 Nbd7 6. h3 O-O 7. O-O c5 8. c3
b6 9. Nbd2 Bb7 10. a4 a6 11. Qb3 Ra7 12. Rfd1 Qa8 13. Nc4 Bd5 14. Ne1 cxd4 15.
cxd4 Rc8 16. Rdc1 Rac7 17. Rc2 Qb8 18. Qb4 Be4 19. Nxd6 exd6 20. Rxc7 Qxc7 21.
Bxa6 Nd5 22. Qd2 Re8 23. Bg3 Qa7 24. Bb5 N5f6 25. Rc1 Bf8 26. Nd3 Ba8 27. Qb4
Qb8 28. Bc6 Bxc6 29. Rxc6 Ne4 30. Bf4 Rc8 31. Qb5 Rxc6 32. Qxc6 Nef6 33. b3 Qe8
34. b4 Qe4 35. Qxe4 Nxe4 36. a5 Nc3 37. f3 b5 38. e4 Nb8 39. Kf2 Na6 40. d5 Na2
41. Bd2 Bg7 42. Ke3 Bc3 43. Bxc3 Nxc3 44. Kd4 Na2 45. e5 dxe5+ 46. Kxe5 Kf8 47.
Kd6 Ke8 48. Kc6 N6xb4+ 49. Nxb4 Nxb4+ 50. Kc5 Na6+ 51. Kxb5 Nc7+ 52. Kc6 Kd8
53. g3 f5 54. f4 Na6 55. Kb6 Nb4 56. Kc5 Na6+ 57. Kd6 Nc7 58. g4 Ne8+ 59. Ke5
fxg4 60. hxg4 Kd7 61. a6 Nc7 62. a7 h5 63. f5 gxf5 64. gxh5 f4 65. d6 Na8 66.
Kxf4 1-0

[Event "FIRST SATURDAY TOURNAMENTS Budapest FM A"]
[Site "Budapest"]
[Date "2011.07.06"]
[Round "5.4"]
[White "Gulyas, Attila"]
[Black "Winkler, Stefan"]
[Result "0-1"]
[WhiteElo "2038"]
[BlackElo "1864"]
[PlyCount "90"]
[EventDate "2011.07.02"]

1. e4 e6 2. d4 d5 3. Nc3 Nf6 4. e5 Nfd7 5. f4 c5 6. dxc5 Bxc5 7. Qg4 O-O 8. Bd3
f5 9. Qh3 Bxg1 10. Rxg1 Nc5 11. Bd2 Nxd3+ 12. Qxd3 Nc6 13. O-O-O a6 14. g4 Qh4
15. h3 Ne7 16. Qf3 Ng6 17. g5 Bd7 18. Ne2 Bb5 19. Nd4 Nxe5 20. Qe3 Nf7 21. Qxe6
Rae8 22. Qxf5 Ne5 23. g6 Rxf5 24. Nxf5 Nd3+ 25. cxd3 Rc8+ 26. Bc3 Rxc3+ 27. Kb1
Rc1+ 28. Rxc1 Bxd3+ 29. Ka1 Bxf5 30. gxh7+ Qxh7 31. Rc7 Qh6 32. Rxb7 d4 33. Rg5
Bxh3 34. Rb8+ Kh7 35. Re8 d3 36. Kb1 d2 37. Rd8 Bf5+ 38. Rxf5 Qh1+ 39. Kc2 Qc1+
40. Kb3 d1=Q+ 41. Rxd1 Qxd1+ 42. Kc3 Kg6 43. Rc5 Qc1+ 44. Kd4 Qxb2+ 45. Ke4
Qe2+ 0-1

[Event "FIRST SATURDAY TOURNAMENTS Budapest FM A"]
[Site "Budapest"]
[Date "2011.07.06"]
[Round "5.6"]
[White "Kis, Bela"]
[Black "Borda, Lajos"]
[Result "1/2-1/2"]
[WhiteElo "2058"]
[BlackElo "2130"]
[PlyCount "30"]
[EventDate "2011.07.02"]

1. d4 d5 2. c4 e6 3. Nc3 Nf6 4. Bg5 Be7 5. e3 c6 6. cxd5 exd5 7. Bd3 Ne4 8.
Bxe7 Qxe7 9. Bxe4 dxe4 10. Qc2 Bf5 11. Nge2 Na6 12. a3 Bg6 13. O-O O-O 14. b4
Nc7 15. Rac1 Rfe8 1/2-1/2

[Event "FIRST SATURDAY TOURNAMENTS Budapest FM A"]
[Site "Budapest"]
[Date "2011.07.07"]
[Round "6.1"]
[White "Kantor, Reka"]
[Black "Borda, Lajos"]
[Result "0-1"]
[WhiteElo "1965"]
[BlackElo "2130"]
[PlyCount "46"]
[EventDate "2011.07.02"]

1. e4 c5 2. Nf3 a6 3. c4 d6 4. d4 Qc7 5. Nc3 e6 6. Be2 Nf6 7. O-O cxd4 8. Nxd4
b6 9. Be3 Bb7 10. f3 Nbd7 11. Rc1 Be7 12. Qd2 O-O 13. Rc2 Rfe8 14. Rfc1 Rad8
15. Bf1 Qb8 16. Qf2 d5 17. cxd5 exd5 18. exd5 Bd6 19. g3 Nxd5 20. Nxd5 Bxd5 21.
Bxa6 Bc5 22. Be2 Qe5 23. Rc3 Bxd4 0-1